Cecil Essentials of Medicine (Record no. 36106)

MARC details
000 -LEADER
fixed length control field 00483nam a22001817a 4500
005 - DATE AND TIME OF LATEST TRANSACTION
control field 20240710121112.0
008 - FIXED-LENGTH DATA ELEMENTS--GENERAL INFORMATION
fixed length control field 240710b |||||||| |||| 00| 0 eng d
020 ## - INTERNATIONAL STANDARD BOOK NUMBER
ISBN 9781416029335
082 ## - DEWEY DECIMAL CLASSIFICATION NUMBER
Classification number 615
Item number AND-C
100 ## - MAIN ENTRY--AUTHOR
Author Name Andreoli
245 ## - TITLE STATEMENT
Title Cecil Essentials of Medicine
Statement of responsibility, etc. Andreoli, Carprenter's
250 ## - EDITION STATEMENT
Edition statement 7th ed.
260 ## - PUBLICATION, DISTRIBUTION, ETC.
Place of Publication India:
Name of publisher, distributor, etc. Elsevier:
Date of publication, distribution, etc. 2008
300 ## - PHYSICAL DESCRIPTION
Pages xxix,1258p.
500 ## - GENERAL NOTE
General note Include index .
650 ## - SUBJECT ADDED ENTRY--TOPICAL TERM
Subject / Department Medical / Medicine
300 ## - PHYSICAL DESCRIPTION
-- ill;
-- 27.5
952 ## - LOCATION AND ITEM INFORMATION (KOHA)
-- 0
-- 0
952 ## - LOCATION AND ITEM INFORMATION (KOHA)
-- 0
-- 0
952 ## - LOCATION AND ITEM INFORMATION (KOHA)
-- 0
-- 0
952 ## - LOCATION AND ITEM INFORMATION (KOHA)
-- 0
-- 0
Holdings
Lost status Damaged status Collection code Permanent Location Current Location Shelving Location Date acquired Full Call Number Accession No./Barcode Date last seen Copy number item type Koha item type
    Medical Superior Information Resource Center (SIRC) Superior University- Main Campus Superior Information Resource Center (SIRC) Superior University- Main Campus Medicine 07/10/2024 615 AND-C 2008 10247 07/10/2024 1 BOOK BOOK
    Medical Superior Information Resource Center (SIRC) Superior University- Main Campus Superior Information Resource Center (SIRC) Superior University- Main Campus Medicine 07/10/2024 615 AND-C 2008 10248 07/10/2024 2 BOOK BOOK
    Medical Superior Information Resource Center (SIRC) Superior University- Main Campus Superior Information Resource Center (SIRC) Superior University- Main Campus Medicine 07/10/2024 615 AND-C 2008 10250 07/10/2024 3 BOOK BOOK
    Medical Superior Information Resource Center (SIRC) Superior University- Main Campus Superior Information Resource Center (SIRC) Superior University- Main Campus Medicine 07/10/2024 615 AND-C 2008 10251 07/10/2024 4 BOOK BOOK

Powered by Koha